=LDR 00000nam 2200000 4500 =001 INLIS000000000049346 =005 20170210143833.0 =006 =007 =008 =020 ##$$a 978-979-3703-52-7 =035 ##$$0010-021700000000138 =040 ##$$a NBPDMAT =082 ##$$a 912.959 822 =090 ##$$aR.912.959 822 $bAch a =100 ##$$a Achmad Chaldun =245 ##$$a Atlas tematik provinsi DKI Jakarta $b: Administrasi, Sosial Budaya, Transportasi dan Perdagangan - Sumber daya Alam $c/ Achmad Chaldun; Achmad Rusdi =250 ##$$a Cet. 1 =260 ##$$a Surabaya $b Karya Pembina Swajaya $c 2007 =300 ##$$a 54 hlm. : $b ilus. ; $c 31 cm =500 ##$$a Indeks hlm : 66 - 70 =650 ##$$a Atlas - DKI Jakarta =700 ##$$a Achmad Rusdi =850 ##$$a NBPDMAT =990 ##$$a 21606098 =990 ##$$a 21606099 =990 ##$$a 21606100 =990 ##$$a 21606101